[Event "GRE-chT 39th"]
[Site "Eretria"]
[Date "2011.07.06"]
[Round "5.15"]
[White "Drakoulakos, Grigorios"]
[Black "Koutsidis, Achilleas"]
[Result "1-0"]
[WhiteElo "1694"]
[BlackElo "1554"]
[PlyCount "139"]
[EventDate "2011.07.03"]
[EventType "team-swiss"]
[EventRounds "7"]
[EventCountry "GRE"]
[SourceTitle "CBM 143 Extra"]
[Source "ChessBase"]
[SourceDate "2011.08.29"]
[SourceVersion "1"]
[SourceVersionDate "2011.08.29"]
[SourceQuality "1"]
[WhiteTeam "Glyfadas Zenon"]
[BlackTeam "Papagou"]
[WhiteTeamCountry "GRE"]
[BlackTeamCountry "GRE"]

1. d4 Nf6 2. c4 g6 3. Nc3 d5 4. Bf4 Bg7 5. e3 c5 6. Nf3 cxd4 7. exd4 Nc6 8. h3 0-0 9. Be2 dxc4 10. Bxc4 Bd7 11. a3 Rc8 12. Ba2 Na5 13. Qe2 a6 14. 0-0 b5 15. Rfe1 e6 16. Bd6 Re8 17. Bc5 Nb7 18. b4 Qc7 19. Ne5 Bc6 20. Rad1 Rcd8 21. Nxf7 Qxf7 22. Bxe6 Rxe6 23. Qxe6 Qxe6 24. Rxe6 Rc8 25. f3 Kf7 26. Re7+ Kg8 27. Re2 Re8 28. Rxe8+ Bxe8 29. Rd3 Nxc5 30. bxc5 Kf7 31. d5 Ke7 32. d6+ Kd8 33. d7 Nxd7 34. c6 Kc7 35. cxd7 Bxd7 36. Nd5+ Kb7 37. Kf2 Bf5 38. Rd2 g5 39. Ne3 Be6 40. Rd6 Bc8 41. g4 Bf8 42. Rd3 Be6 43. Kg3 a5 44. Nf5 Kc6 45. Nd4+ Kd5 46. Nxe6+ Kxe6 47. h4 h6 48. hxg5 hxg5 49. Kf2 b4 50. axb4 Bxb4 51. Ke3 Ke5 52. Rd1 a4 53. Ra1 a3 54. Ra2 Bc5+ 55. Ke2 Kd4 56. Rc2 Bb4 57. Rc8 Bc3 58. Ra8 Bb2 59. f4 gxf4 60. Ra5 Ke4 61. g5 f3+ 62. Kf1 Bg7 63. Rxa3 Kf5 64. Ra5+ Kg6 65. Kf2 Bc3 66. Rd5 Bb4 67. Kxf3 Kh5 68. Kf4 Be7 69. Kf5 Bxg5 70. Rd1 1-0

[Event "Ambelokipi op 113th"]
[Site "Athens"]
[Date "2011.05.28"]
[Round "7"]
[White "Malliaros, Stavros"]
[Black "Koutsidis, Achilleas"]
[Result "1-0"]
[WhiteElo "2107"]
[BlackElo "1514"]
[PlyCount "41"]
[EventDate "2011.05.07"]
[EventType "swiss"]
[EventRounds "7"]
[EventCountry "GRE"]
[SourceTitle "EXT 2024"]
[Source "ChessBase"]
[SourceDate "2023.10.10"]
[SourceVersion "1"]
[SourceVersionDate "2023.10.10"]
[SourceQuality "1"]

1. d4 Nf6 2. Nf3 g6 3. Nc3 d5 4. g3 Bg7 5. Bg2 0-0 6. 0-0 b6 7. Ne5 Bb7 8. f4 c5 9. e3 e6 10. b3 Nc6 11. Ba3 Nxe5 12. fxe5 Nd7 13. e4 dxe4 14. Bxe4 Bxe4 15. Nxe4 Qc7 16. c3 Nb8 17. Nf6+ Kh8 18. Rf4 Nc6 19. Rh4 Bxf6 20. exf6 Rfd8 21. Qc1 1-0

[Event "GRE-ch U12"]
[Site "Kallithea"]
[Date "2010.06.29"]
[Round "5"]
[White "Grigoriadis, Mihail"]
[Black "Koutsidis, Achilleas"]
[Result "1-0"]
[WhiteElo "1661"]
[BlackElo "1500"]
[PlyCount "91"]
[EventDate "2010.06.26"]
[EventType "swiss"]
[EventRounds "9"]
[EventCountry "GRE"]
[SourceTitle "EXT 2012"]
[Source "ChessBase"]
[SourceDate "2011.11.24"]
[SourceVersion "1"]
[SourceVersionDate "2011.11.24"]
[SourceQuality "1"]

1. e4 c5 2. Nf3 d6 3. d4 cxd4 4. Nxd4 Nf6 5. Nc3 g6 6. Be3 Bg7 7. f3 0-0 8. Qd2 Nc6 9. g4 Bd7 10. h4 Rc8 11. Nxc6 Bxc6 12. Bh6 a6 13. h5 Qa5 14. Bxg7 Kxg7 15. hxg6 fxg6 16. Qh6+ Kh8 17. g5 Nh5 18. Rxh5 gxh5 19. g6 Rf7 20. gxf7 Qd8 21. Bc4 Qf8 22. Qxf8+ Rxf8 23. Kf2 b5 24. Bb3 Kg7 25. Rg1+ Kf6 26. Rg8 Rxf7 27. Bxf7 Kxf7 28. Rg5 e6 29. Rxh5 Kg6 30. Rh1 b4 31. Ne2 e5 32. Ke3 h5 33. f4 a5 34. fxe5 dxe5 35. Ng3 Kf6 36. Rxh5 Be8 37. Rf5+ Ke6 38. Nh5 Kd6 39. Nf6 Bg6 40. Rg5 Bf7 41. Ng4 Bxa2 42. b3 Bb1 43. Kd3 Ba2 44. Nxe5 a4 45. bxa4 Be6 46. Rg6 1-0

[Event "GRE-ch U12"]
[Site "Kallithea"]
[Date "2010.06.28"]
[Round "4"]
[White "Koutsidis, Achilleas"]
[Black "Nikolaou, Spiridon"]
[Result "0-1"]
[WhiteElo "1500"]
[BlackElo "1600"]
[PlyCount "110"]
[EventDate "2010.06.26"]
[EventType "swiss"]
[EventRounds "9"]
[EventCountry "GRE"]
[SourceTitle "EXT 2012"]
[Source "ChessBase"]
[SourceDate "2011.11.24"]
[SourceVersion "1"]
[SourceVersionDate "2011.11.24"]
[SourceQuality "1"]

1. d4 Nf6 2. c4 g6 3. Nc3 d5 4. cxd5 Nxd5 5. e4 Nxc3 6. bxc3 Bg7 7. Bc4 0-0 8. Ne2 c5 9. Be3 Nc6 10. 0-0 Qc7 11. Rc1 Rd8 12. f3 b6 13. Qd2 Bd7 14. Rfd1 Na5 15. Bd3 e5 16. d5 c4 17. Bc2 Bc8 18. Ba4 Bd7 19. Bxd7 Qxd7 20. f4 f6 21. fxe5 fxe5 22. Rf1 Nb7 23. Rcd1 Nd6 24. Ng3 Rf8 25. Bh6 Bxh6 26. Qxh6 Qg7 27. Qxg7+ Kxg7 28. a4 Rxf1+ 29. Rxf1 Rc8 30. Kf2 Rc5 31. Rb1 Nb7 32. Ne2 Kf7 33. Ke3 Ke7 34. Nc1 Kd6 35. Na2 Ra5 36. Rb4 Kc5 37. Nc1 Nd6 38. Ne2 a6 39. h4 b5 40. axb5 axb5 41. g4 Ra4 42. Rb2 b4 43. Rxb4 Rxb4 44. cxb4+ Kxb4 45. h5 Kb3 46. hxg6 hxg6 47. Nc1+ Kb2 48. Ne2 c3 49. Kd3 c2 50. Ke3 c1Q+ 51. Nxc1 Kxc1 52. Kd3 Kb2 53. Ke3 Kc3 54. Kf3 Kd4 55. g5 Nxe4 0-1